Statistics for All Asian Countries by GDP - In Order

Click here to take the quiz!

General Stats

  • This quiz has been taken 157 times
    (138 since last reset)
  • The average score is 41 of 48

Answer Stats

GDP (USD)HintCountry% Correct
14,7 TCChina
100%
2,6 TIIndia
100%
4,9 TJJapan
100%
1,4 TRRussia
97%
1,0 TIIndonesia
96%
1,6 TSSouth Korea
96%
720 BTTurkey
96%
700 BSSaudi Arabia
94%
421 BUUnited Arab Emirates
91%
271 BVVietnam
89%
340 BSSingapore
88%
203 BIIran
87%
402 BIIsrael
87%
337 BMMalaysia
87%
146 BQQatar
87%
502 BTThailand
87%
324 BBBangladesh
86%
170 BKKazakhstan
86%
264 BPPakistan
86%
668 BTTaiwan
86%
42 BAAzerbaijan
85%
167 BIIraq
85%
136 BKKuwait
85%
361 BPPhilippines
85%
64 BOOman
84%
55 BTTurkmenistan
84%
43 BJJordan
83%
76 BMMyanmar
82%
57 BUUzbekistan
82%
23 BYYemen
82%
19 BLLaos
81%
19 BAAfghanistan
79%
12 BAArmenia
79%
38 BBBahrain
79%
12 BBBrunei
79%
25 BCCambodia
79%
15 BGGeorgia
79%
33 BLLebanon
79%
27 BNNorth Korea
79%
1 BEEast Timor
78%
8 BTTajikistan
78%
7 BKKyrgyzstan
77%
33 BNNepal
77%
80 BSSri Lanka
77%
2 BBBhutan
76%
4 BMMaldives
75%
15 BMMongolia
75%
23 BCCyprus
73%

Score Distribution

Percentile by Number Answered

Percent of People with Each Score

Your Score History

You have not taken this quiz since the last reset